00431nam a2200157Ia 4500001000900000003000500009005001700014008004100031010001100072040000900083082001400092110001300106245008700119264000900206610005800215dia_2814CHAP20230313102506.0220117s9999 xx 000 0 und d a173314 cCHAP a664.07 C6 aConasupo aCatalogo de normas de calidad de productos alimenticios /c Por Conasupo -S.P.I.- c  aCalidad Control de 2. Control Calidad - Normas I. T.